000 00704nas a2200229 4500
001 BR9506508
003 BR-BrBNA
005 20231205094218.0
007 ta
008 230509b bl.|||p| |||| 00| 00por d
040 _aBR-BrBNA
_bpor
_cBiblioteca Nacional de Agricultura
041 _a(Pt)
072 _aL10; U10
100 1 _aBriquet Junior, R.
245 1 _aDa necessidade de populacao controle em trabalho de melhoramento genetico
650 _aControle Genetico
650 _aMelhoramento Genetico Animal
650 _aModelo Matematico
773 0 _tAgronomia (Brazil)
_x
_g(Aug-Dec 1969), v. 27(3-4) p. 6-11
_wBR9506508
909 _a202311
_bLúcia
_c55
_dLúcia Elande
942 _2AGRIS
_n0
_cANA
999 _c142798
_d142798